Here's Where the Story Ends - The Sundays (All Lyrics) - Statistics

General Stats
  • This quiz has been taken 7 times
  • The average score is 197 of 254
Answer Stats
Answer % Correct
a
100%
I
100%
in
100%
It's
100%
it's
100%
little
100%
make
100%
makes
100%
me
100%
of
100%
smile
100%
so
100%
So
100%
souvenir,
100%
terrible
100%
that
100%
the
100%
"The
100%
which
100%
year,
100%
all
67%
And
67%
belong"
67%
books
67%
bought
67%
But
67%
can
67%
cynically,
67%
cynically
67%
devil
67%
down
67%
ends
67%
ever
67%
eyes
67%
feel
67%
for
67%
for?
67%
go,
67%
go
67%
"Go
67%
good
67%
have
67%
Here's
67%
here's
67%
how,
67%
how
67%
I'm
67%
inside
67%
is
67%
know,
67%
know
67%
look
67%
loved
67%
memories
67%
my
67%
never
67%
Oh,
67%
on
67%
only
67%
outside
67%
People
67%
people
67%
places
67%
read
67%
really
67%
red
67%
said,
67%
say
67%
say,
67%
see
67%
see,
67%
shed,
67%
shed
67%
should
67%
showing
67%
side
67%
sore
67%
story
67%
Surprise,
67%
surprise,
67%
surprise
67%
surprise"
67%
thing
67%
thought,
67%
tied
67%
tired
67%
to
67%
tongue
67%
turn
67%
wanted
67%
was
67%
way
67%
weary
67%
were
67%
where
67%
why
67%
wonder
67%
wrong,
67%
wrong
67%
you
67%
your
67%
colorful
33%
Crazy
33%
Ooh,
33%
They're
33%
whoever
33%
world
33%
would've
33%
No matching quizzes found
Score Distribution
Percent of People with Each Score
Percentile by Number Answered
Your Score History
You have not taken this quiz